Die Entwicklung der Lage der Arbeiterschaft in Europa und Amerika, 1870-1933. (Record no. 36138)
[ view plain ]
| 000 -LEADER | |
|---|---|
| fixed length control field | 00810cam a22002291 4500 |
| 001 - CONTROL NUMBER | |
| control field | l 34000098 |
| 003 - CONTROL NUMBER IDENTIFIER | |
| control field | DLC |
| 005 - DATE AND TIME OF LATEST TRANSACTION | |
| control field | 20260227111534.0 |
| 008 - FIXED-LENGTH DATA ELEMENTS--GENERAL INFORMATION | |
| fixed length control field | 800604s1934 sz a 000 0 ger c |
| 010 ## - LIBRARY OF CONGRESS CONTROL NUMBER | |
| LC control number | l 34000098 |
| 035 ## - SYSTEM CONTROL NUMBER | |
| System control number | (OCoLC)6387940 |
| 040 ## - CATALOGING SOURCE | |
| Original cataloging agency | U.S. Dept. of Labor. Libr. |
| Transcribing agency | CU-S |
| Modifying agency | DLC |
| 042 ## - AUTHENTICATION CODE | |
| Authentication code | premarc |
| 043 ## - GEOGRAPHIC AREA CODE | |
| Geographic area code | e------ |
| -- | n-us--- |
| 050 00 - LIBRARY OF CONGRESS CALL NUMBER | |
| Classification number | HD4961 |
| Item number | .K8 |
| 082 ## - DEWEY DECIMAL CLASSIFICATION NUMBER | |
| Classification number | 331.214 |
| 100 1# - MAIN ENTRY--PERSONAL NAME | |
| Personal name | Kuczynski, Jürgen. |
| 245 14 - TITLE STATEMENT | |
| Title | Die Entwicklung der Lage der Arbeiterschaft in Europa und Amerika, 1870-1933. |
| Remainder of title | Statistische Studien zur Entwicklung der Reallöhne und Relativlöhne in England, Deutschland, USA, Frankreich und Belgien, |
| Statement of responsibility, etc. | von Jürgen Kuczynski. |
| 260 ## - PUBLICATION, DISTRIBUTION, ETC. | |
| Place of publication, distribution, etc. | Basel, |
| Name of publisher, distributor, etc. | Philographischer Verlag, |
| Date of publication, distribution, etc. | 1934. |
| 300 ## - PHYSICAL DESCRIPTION | |
| Extent | 70 p. |
| Other physical details | tables. |
| Dimensions | 25 cm. |
| 650 #0 - SUBJECT ADDED ENTRY--TOPICAL TERM | |
| Topical term or geographic name entry element | Wages |
| Form subdivision | Statistics. |
No items available.